| 000 | 00305nam a2200109Ia 4500 | ||
|---|---|---|---|
| 008 | 230907s9999||||xx |||||||||||||| ||und|| | ||
| 082 |
_a621.382 _bSTR |
||
| 245 | 0 | _aStructural dynamics of electronic and photonic systems / | |
| 260 |
_aWiley, _bHoboken, N.J. : _c2011 |
||
| 300 | _ax, 598 p. : | ||
| 942 | _cBK | ||
| 999 |
_c601143 _d601143 |
||